000 03053na a2200589 4500
001 20291
003 MIRAKIL
005 20181213155231.0
008 170117b tu 000 0
035 _a20291
040 _aMilas
_btur
_cTR-AnCHP
041 _atur
082 _aCHP 324.2372026
_bC36y 1977
090 _aBROŞÜR 400
110 _aCumhuriyet Halk Partisi (CHP)
222 _aYönetmelikler
245 _aCHP yönetmelikleri
_b[1977]
_cCHP
246 _aCHP yönetmeliği
246 _aCHP 1977 yönetmelikleri
246 _aCumhuriyet Halk Partisi yönetmelikleri
260 _aAnkara
_bCHP
_c1977
_fAjans-Türk Matbaacılık
300 _a245 s.
_c16 sm.
440 _aCumhuriyet Halk Partisi yayınları
_pYönetmelikler
500 _aNebile Ataç tarafından bağışlanmıştır.
500 _aFotokopidir. Kütüphaneciden çevrimdışı versiyonu sağlanabilir.
505 _aCHP üye yazım yönetmeliği -- Parti içi eğitim yönetmeliği -- CHP eğitim yönetmeliği -- Disiplin yönetmeliği -- CHP il genel ve belediye meclisi grupları yönetmeliği -- TBMM üyeliği adaylık ve yoklama yönetmeliği -- TBMM grupları iç yönetmeliği -- CHP yerel seçimler aday yönetmeliği 13 (1977) -- Kurultay yönetmeliği, Kongreler yönetmeliği -- Parti görevlisi ve muhtarlık bölgesi toplantı yönetmeliği -- CHP küçük kurultay yönetmeliği -- CHP parti içi denetmenleri yönetmeliği -- Komiteler ve çalışma grupları yönetmeliği -- Kadın ve gençlik kolları yönetmeliği -- CHP genel yönetim kurulu çalışma yönetmeliği -- CHP yönetim kurulları çalışma yönetmeliği
610 _aCumhuriyet Halk Partisi (CHP)
_xYönetmelikler, 1977
610 _aCumhuriyet Halk Partisi (CHP)
_xHukuk ve mevzuat
_yYönetmelikler
651 _aTürkiye
_xSiyaset ve yönetim
_y1977-1980
657 _aCHP 1977 yönetmeliği
657 _aCHP yönetmelikleri
740 _aCHP üye yazım yönetmeliği, 1977
740 _aParti içi eğitim yönetmeliği, 1977
740 _aCHP eğitim yönetmeliği, 1977
740 _aDisiplin yönetmeliği, 1977
740 _aCHP il genel ve belediye meclisi grupları yönetmeliği, 1977
740 _aTBMM üyeliği adaylık ve yoklama yönetmeliği, 1977
740 _aTBMM grupları iç yönetmeliği, 1977
740 _aCHP yerel seçimler aday yönetmeliği 13 (1977)
740 _aKurultay yönetmeliği, 1977
740 _aKongreler yönetmeliği, 1977
740 _aParti görevlisi ve muhtarlık bölgesi toplantı yönetmeliği, 1977
740 _aCHP küçük kurultay yönetmeliği, 1977
740 _aCHP parti içi denetmenleri yönetmeliği, 1977
740 _aKomiteler ve çalışma grupları yönetmeliği, 1977
740 _aKadın ve gençlik kolları yönetmeliği, 1977
740 _aCHP genel yönetim kurulu çalışma yönetmeliği, 1977
740 _aCHP yönetim kurulları çalışma yönetmeliği, 1977
830 _aCHP yönetmelikleri
942 _2ddc
_cBKS
999 _c8999
_d8999